| 000 | 00533nam a2200193Ia 4500 | ||
|---|---|---|---|
| 005 | 20250923144630.0 | ||
| 008 | 008 250917s9999 xx 000 0 eng d | ||
| 037 | _aTextual | ||
| 040 |
_aDSWL _beng _cDSWL |
||
| 041 |
_aeng _2eng |
||
| 084 |
_aY:1.46, N55 _qDSWL |
||
| 245 | 0 |
_aSocial forces in the middle east _cEd. by S.N. Fisher |
|
| 260 |
_aNew York _bCornell University Press _c1955 |
||
| 300 | _axvi,282p. | ||
| 365 |
_aUSD _b5 |
||
| 925 | _g5 | ||
| 942 |
_cTEXL _hY:1.46, N55 |
||
| 999 |
_c1441412 _d1441412 |
||